[Event "Pardubice Czech op-C 28th"]
[Site "Pardubice"]
[Date "2017.07.29"]
[Round "9"]
[White "Gokhale, Rishabh Chandrashek"]
[Black "Kazantsev, Valentin"]
[Result "1/2-1/2"]
[WhiteElo "1503"]
[BlackElo "1993"]
[PlyCount "75"]
[EventDate "2017.07.22"]
[EventType "swiss"]
[EventRounds "9"]
[EventCountry "CZE"]
[SourceTitle "CBM 179 Extra"]
[Source "ChessBase"]
[SourceDate "2017.08.23"]
[SourceVersion "1"]
[SourceVersionDate "2017.08.23"]
[SourceQuality "1"]

1. e4 e5 2. Nf3 d6 3. Bc4 Nd7 4. d3 Be7 5. c3 Ngf6 6. Nbd2 c6 7. 0-0 0-0 8. Re1 Qc7 9. d4 Nb6 10. Bb3 Bg4 11. h3 Bh5 12. g4 Bg6 13. Nh4 Nfd7 14. Nf5 Bg5 15. Nf1 Bxc1 16. Rxc1 Bxf5 17. gxf5 Qd8 18. Ng3 Qh4 19. Qg4 Qh6 20. Kh2 Nf6 21. Qf3 c5 22. d5 Kh8 23. Kg2 a6 24. c4 Rab8 25. a4 Nc8 26. Bc2 Ne7 27. Rb1 a5 28. Qe3 Qh4 29. Rf1 g5 30. Rh1 Rg8 31. Rbg1 Rg7 32. Kf1 Qf4 33. Bd1 b6 34. Bf3 Rbg8 35. Nh5 Nxh5 36. Bxh5 Qxe3 37. fxe3 f6 38. Rg2 1/2-1/2

[Event "Wch Seniors 65 26th"]
[Site "Marianske Lazne"]
[Date "2016.11.30"]
[Round "11"]
[White "Pacl, Vaclav"]
[Black "Kazantsev, Valentin"]
[Result "1/2-1/2"]
[WhiteElo "2104"]
[BlackElo "1953"]
[PlyCount "31"]
[EventDate "2016.11.19"]
[EventType "swiss"]
[EventRounds "11"]
[EventCountry "CZE"]
[SourceTitle "EXT 2018"]
[Source "ChessBase"]
[SourceDate "2017.10.13"]
[SourceVersion "1"]
[SourceVersionDate "2017.10.13"]
[SourceQuality "1"]

1. Nf3 Nf6 2. b3 g6 3. Bb2 Bg7 4. g3 0-0 5. Bg2 d6 6. d4 c6 7. 0-0 a5 8. a3 Nbd7 9. Nc3 Nb6 10. a4 Qc7 11. e4 Bg4 12. h3 Bxf3 13. Qxf3 Nfd7 14. Rad1 e5 15. dxe5 dxe5 16. Ba3 1/2-1/2

[Event "Wch Seniors 65 26th"]
[Site "Marianske Lazne"]
[Date "2016.11.27"]
[Round "8"]
[White "Lang, Ferdinand"]
[Black "Kazantsev, Valentin"]
[Result "0-1"]
[WhiteElo "2133"]
[BlackElo "1953"]
[PlyCount "138"]
[EventDate "2016.11.19"]
[EventType "swiss"]
[EventRounds "11"]
[EventCountry "CZE"]
[SourceTitle "CBM 175 Extra"]
[Source "ChessBase"]
[SourceDate "2016.12.12"]
[SourceVersion "1"]
[SourceVersionDate "2016.12.12"]
[SourceQuality "1"]

1. e4 e5 2. Nf3 Nc6 3. Bb5 Nf6 4. d3 Bc5 5. c3 0-0 6. 0-0 d6 7. Nbd2 Qe7 8. h3 a6 9. Ba4 b5 10. Bb3 Bb7 11. Re1 Bb6 12. Nf1 Na5 13. Bc2 c5 14. Ng3 Bc8 15. Nh4 Ne8 16. Nhf5 Bxf5 17. Nxf5 Qf6 18. Qg4 Bd8 19. Re3 Ra7 20. Rg3 Kh8 21. a4 b4 22. cxb4 cxb4 23. Bd2 Rb7 24. Rc1 Rc7 25. Qh5 Qe6 26. Qd1 b3 27. Bb1 Rxc1 28. Qxc1 Bb6 29. Bxa5 Bxa5 30. Qc4 g6 31. Qxa6 Bd2 32. Ne3 Nc7 33. Qb6 d5 34. Qxb3 Bxe3 35. Rxe3 d4 36. Qxe6 Nxe6 37. Re2 Nc5 38. a5 Rb8 39. Rd2 Rb5 40. Ba2 Kg7 41. Rc2 Na6 42. Bc4 Rxa5 43. Bxa6 Ra1+ 44. Kh2 Rxa6 45. Kg3 f5 46. Kf3 Kf6 47. exf5 gxf5 48. Ke2 Rb6 49. f3 Rb3 50. Rd2 Kg5 51. g3 f4 52. Kf2 fxg3+ 53. Kxg3 Kf5 54. Kf2 Kf4 55. h4 h5 56. Ke2 Kg3 57. Rc2 Kxh4 58. f4 e4 59. Rd2 e3 60. Rd1 Kg4 61. Rg1+ Kf5 62. Rg5+ Kxf4 63. Rxh5 Rxb2+ 64. Ke1 Rd2 65. Rh4+ Ke5 66. Rh5+ Kd6 67. Kf1 Rxd3 68. Ke1 Rd2 69. Rg5 Ra2 0-1

[Event "Wch Seniors 65 26th"]
[Site "Marianske Lazne"]
[Date "2016.11.22"]
[Round "4"]
[White "Kazantsev, Valentin"]
[Black "Anguera Maestro, Jaime"]
[Result "1-0"]
[WhiteElo "1953"]
[BlackElo "2081"]
[PlyCount "67"]
[EventDate "2016.11.19"]
[EventType "swiss"]
[EventRounds "11"]
[EventCountry "CZE"]
[SourceTitle "CBM 175 Extra"]
[Source "ChessBase"]
[SourceDate "2016.12.12"]
[SourceVersion "1"]
[SourceVersionDate "2016.12.12"]
[SourceQuality "1"]

1. e4 d5 2. exd5 Qxd5 3. Nc3 Qd8 4. d4 Nf6 5. Nf3 e6 6. Bd3 Be7 7. 0-0 0-0 8. Bg5 h6 9. Bh4 Nbd7 10. Qe2 c6 11. Ne5 Nxe5 12. dxe5 Nd5 13. Bxe7 Qxe7 14. Rfd1 Nxc3 15. bxc3 g6 16. Qe3 Kg7 17. Be4 Rd8 18. Rd4 Bd7 19. Rad1 Be8 20. Rd6 f5 21. Bf3 Bf7 22. Qd4 Rxd6 23. exd6+ Qf6 24. Qb4 Rd8 25. Qxb7 Qxc3 26. Qxc6 Qxc6 27. Bxc6 e5 28. Bb5 Kf8 29. c4 Rb8 30. a4 a6 31. Bxa6 Ke8 32. Bb5+ Kd8 33. c5 Bb3 34. Rc1 1-0

[Event "Minsk Inautomarket op"]
[Site "Minsk"]
[Date "2005.07.10"]
[Round "1"]
[White "Kazantsev, Valentin"]
[Black "Tunik, Gennady"]
[Result "0-1"]
[WhiteElo "2169"]
[BlackElo "2446"]
[PlyCount "94"]
[EventDate "2005.07.06"]
[EventType "swiss"]
[EventRounds "9"]
[EventCountry "BLR"]
[SourceTitle "CBM 107 Extra"]
[Source "ChessBase"]
[SourceDate "2005.09.01"]
[SourceVersion "1"]
[SourceVersionDate "2005.09.01"]
[SourceQuality "1"]

1. e4 c5 2. c3 d5 3. exd5 Qxd5 4. d4 Nf6 5. Nf3 g6 6. Be2 cxd4 7. Qxd4 Bg7 8. Bg5 Qxd4 9. Nxd4 0-0 10. Nd2 Nbd7 11. 0-0 Nc5 12. Nc4 h6 13. Bh4 g5 14. Bg3 Nfe4 15. Be5 f6 16. Bc7 Na6 17. Bg3 e5 18. Nb5 Nac5 19. Rfd1 Bd7 20. Nbd6 Ba4 21. Rd5 Bc6 22. Rdd1 Rfd8 23. Nxe4 Nxe4 24. f3 Nxg3 25. hxg3 b6 26. Nd6 Bf8 27. Bc4+ Kh7 28. Bd3+ Kg7 29. Bb5 Rxd6 30. Rxd6 Bxb5 31. Rd2 Bc5+ 32. Kh2 a5 33. Rdd1 Be7 34. g4 Kg6 35. Kg3 Bc6 36. Re1 b5 37. a3 b4 38. axb4 axb4 39. Rad1 bxc3 40. bxc3 Ra3 41. Ra1 Rxc3 42. Rec1 Rxc1 43. Rxc1 Bd5 44. Rc7 Kf7 45. Rc8 e4 46. fxe4 Bxe4 47. Rh8 Bf8 0-1

[Event "UKR-ch op"]
[Site "Alushta"]
[Date "1999.??.??"]
[Round "?"]
[White "Kotsuba, Aleksander"]
[Black "Kazantsev, Valentin"]
[Result "1/2-1/2"]
[WhiteElo "2280"]
[BlackElo "2150"]
[PlyCount "53"]
[EventDate "1999.??.??"]
[EventType "swiss"]
[EventRounds "9"]
[EventCountry "UKR"]
[SourceTitle "EXT 2001"]
[Source "ChessBase"]
[SourceDate "2000.11.22"]
[SourceVersion "1"]
[SourceVersionDate "2000.11.22"]
[SourceQuality "1"]

1. e4 e5 2. Nc3 Nf6 3. Bc4 Nxe4 4. Nf3 Nc6 5. 0-0 Nxc3 6. dxc3 Be7 7. Ng5 Bxg5 8. Qh5 g6 9. Qxg5 Qxg5 10. Bxg5 d6 11. f4 Be6 12. Bb5 exf4 13. Bf6 0-0 14. Rxf4 Rfe8 15. Raf1 a6 16. Bxc6 bxc6 17. Rh4 Bf5 18. g4 Re6 19. Bd4 Re4 20. h3 c5 21. Bf6 Re6 22. g5 Bxc2 23. Rff4 Rae8 24. Rxh7 Rxf6 25. Rfh4 Re1+ 26. Kh2 Re2+ 27. Kg1 1/2-1/2

[Event "Moscow GM4"]
[Site "Moscow"]
[Date "1996.??.??"]
[Round "?"]
[White "Frog, Ilya"]
[Black "Kazantsev, Valentin"]
[Result "1/2-1/2"]
[WhiteElo "2380"]
[BlackElo "2275"]
[PlyCount "122"]
[EventDate "1996.??.??"]
[EventType "tourn"]
[EventRounds "13"]
[EventCountry "RUS"]
[EventCategory "7"]
[SourceTitle "EXT 2000"]
[Source "ChessBase"]
[SourceDate "1999.11.16"]
[SourceVersion "1"]
[SourceVersionDate "1999.11.16"]
[SourceQuality "1"]

1. Nf3 g6 2. e4 d6 3. d4 Bg7 4. Be2 Nf6 5. Nc3 c6 6. 0-0 0-0 7. a4 a5 8. Re1 Nbd7 9. Bc4 e5 10. dxe5 Nxe5 11. Nxe5 dxe5 12. Qxd8 Rxd8 13. Be3 Nh5 14. Red1 Re8 15. Rd2 Nf4 16. Rad1 Ne6 17. Ne2 Bf8 18. Nc1 Kg7 19. Nb3 f5 20. exf5 gxf5 21. Bb6 Be7 22. Bxa5 Nd4 23. Bc7 Bg5 24. Bxe5+ Rxe5 25. Rxd4 Rxa4 26. f4 Bxf4 27. Rxf4 b5 28. Nd2 bxc4 29. Rxc4 Rxc4 30. Nxc4 Rc5 31. Nd6 Be6 32. c4 Ra5 33. Kf2 Kf6 34. Rd2 Ra4 35. Ke3 Bxc4 36. Rd4 Bb3 37. Rxa4 Bxa4 38. Kd4 Bb3 39. g3 Kg5 40. Ke5 Bc2 41. Nc4 Bd3 42. Ne3 c5 43. h3 Bb1 44. Nd5 h5 45. Nf4 Ba2 46. Ng2 Bb1 47. Nf4 Ba2 48. Nd3 h4 49. gxh4+ Kxh4 50. Nxc5 Kxh3 51. Kxf5 Bc4 52. Ke5 Kg4 53. Ne4 Ba6 54. Nd6 Kg5 55. b3 Kg6 56. Nc4 Kf7 57. Kd6 Ke8 58. Kc7 Ke7 59. Ne5 Ke6 60. Nc6 Bf1 61. Kb6 Kd6 1/2-1/2

[Event "Moscow GM4"]
[Site "Moscow"]
[Date "1996.??.??"]
[Round "?"]
[White "Kazantsev, Valentin"]
[Black "Khatanbaatar, Bazar"]
[Result "0-1"]
[WhiteElo "2275"]
[BlackElo "2425"]
[PlyCount "64"]
[EventDate "1996.??.??"]
[EventType "tourn"]
[EventRounds "13"]
[EventCountry "RUS"]
[EventCategory "7"]
[SourceTitle "EXT 2000"]
[Source "ChessBase"]
[SourceDate "1999.11.16"]
[SourceVersion "1"]
[SourceVersionDate "1999.11.16"]
[SourceQuality "1"]

1. d4 Nf6 2. c4 e6 3. Nc3 Bb4 4. Nf3 b6 5. Bg5 h6 6. Bh4 Bb7 7. e3 g5 8. Bg3 Ne4 9. Qc2 Bxc3+ 10. bxc3 d6 11. Bd3 f5 12. d5 exd5 13. Nd4 Qf6 14. f3 dxc4 15. Bxc4 Nxg3 16. hxg3 Rf8 17. Bd3 Nd7 18. Bxf5 0-0-0 19. e4 Rfe8 20. Kf2 Kb8 21. a4 Nc5 22. Rhe1 a5 23. Re3 h5 24. Rae1 g4 25. Rh1 gxf3 26. gxf3 d5 27. Rh4 dxe4 28. fxe4 Rxd4 29. e5 Rd2+ 30. Qxd2 Qxf5+ 31. Rf4 Qh3 32. Qd1 Ne6 0-1

[Event "Moscow GM4"]
[Site "Moscow"]
[Date "1996.??.??"]
[Round "?"]
[White "Kazantsev, Valentin"]
[Black "Kiriakov, Petr"]
[Result "0-1"]
[WhiteElo "2275"]
[BlackElo "2515"]
[PlyCount "84"]
[EventDate "1996.??.??"]
[EventType "tourn"]
[EventRounds "13"]
[EventCountry "RUS"]
[EventCategory "7"]
[SourceTitle "EXT 2000"]
[Source "ChessBase"]
[SourceDate "1999.11.16"]
[SourceVersion "1"]
[SourceVersionDate "1999.11.16"]
[SourceQuality "1"]

1. e4 e6 2. d4 d5 3. Nc3 Nf6 4. e5 Nfd7 5. Nf3 c5 6. dxc5 Nc6 7. Bf4 Bxc5 8. Bd3 f6 9. exf6 Nxf6 10. 0-0 0-0 11. Bg3 Bd7 12. Qe2 Nh5 13. Kh1 Nxg3+ 14. fxg3 Qe7 15. Rae1 g6 16. Nb5 Rac8 17. Ne5 Rxf1+ 18. Rxf1 Nxe5 19. Qxe5 Qg7 20. Rf6 Rf8 21. Rxf8+ Bxf8 22. Qxg7+ Bxg7 23. Nxa7 Bxb2 24. Bb5 Bxb5 25. Nxb5 Be5 26. Kg1 Kf8 27. Kf2 Ke7 28. Ke3 Kd7 29. Na3 Bb2 30. Nb1 Kd6 31. Kd3 Kc5 32. c3 Bc1 33. Kc2 Bh6 34. a4 e5 35. Na3 Bf8 36. g4 Be7 37. Nb5 Kc4 38. h4 e4 39. g5 Bc5 40. g4 e3 41. Nc7 d4 42. cxd4 Bb4 0-1

[Event "Moscow-C"]
[Site "Moscow"]
[Date "1996.??.??"]
[Round "?"]
[White "Kazantsev, Valentin"]
[Black "Sazonova, Elena"]
[Result "1-0"]
[WhiteElo "2275"]
[BlackElo "2250"]
[PlyCount "95"]
[EventDate "1996.??.??"]
[EventType "tourn"]
[EventRounds "9"]
[EventCountry "RUS"]
[EventCategory "4"]
[SourceTitle "EXT 1998"]
[Source "ChessBase"]
[SourceDate "1997.11.17"]
[SourceVersion "1"]
[SourceVersionDate "1997.11.17"]
[SourceQuality "1"]

1. d4 Nf6 2. c4 c5 3. Nf3 e6 4. g3 d5 5. Bg2 Nc6 6. cxd5 exd5 7. 0-0 c4 8. b3 b5 9. a4 Na5 10. bxc4 bxc4 11. Bf4 Be7 12. Nc3 Nb3 13. Ra2 0-0 14. Ne5 Na5 15. f3 Bb4 16. Qc2 Qb6 17. Rd1 Bb7 18. g4 Rfe8 19. e3 Rac8 20. Ne2 Qe6 21. h4 Nd7 22. Bh3 Nxe5 23. dxe5 Qg6 24. Nd4 Qxc2 25. Nxc2 Bc5 26. g5 Rcd8 27. e6 Bb6 28. Nd4 Nc6 29. exf7+ Kxf7 30. Nf5 Bc5 31. h5 Nb4 32. g6+ hxg6 33. hxg6+ Kg8 34. Rh2 c3 35. Bg5 c2 36. Rc1 Rc8 37. Nd4 Rc7 38. Be6+ Rxe6 39. Nxe6 Rc8 40. Nxc5 Rxc5 41. Be7 Rc4 42. Bxb4 Rxb4 43. Rhxc2 Kf8 44. Rc7 Rb6 45. Kf2 Ba6 46. R7c6 Bc4 47. Rxb6 axb6 48. Rb1 1-0

[Event "Moscow GM4"]
[Site "Moscow"]
[Date "1996.??.??"]
[Round "?"]
[White "Kazantsev, Valentin"]
[Black "Vlassov, Nikolai"]
[Result "0-1"]
[WhiteElo "2275"]
[BlackElo "2380"]
[PlyCount "68"]
[EventDate "1996.??.??"]
[EventType "tourn"]
[EventRounds "13"]
[EventCountry "RUS"]
[EventCategory "7"]
[SourceTitle "EXT 2000"]
[Source "ChessBase"]
[SourceDate "1999.11.16"]
[SourceVersion "1"]
[SourceVersionDate "1999.11.16"]
[SourceQuality "1"]

1. e4 Nc6 2. Nf3 d5 3. exd5 Qxd5 4. Nc3 Qa5 5. Bb5 Bd7 6. d4 a6 7. Ba4 0-0-0 8. d5 e6 9. 0-0 Be8 10. Bb3 Nf6 11. Bd2 exd5 12. Qe2 Qc5 13. Rfd1 d4 14. Ne4 Qe7 15. Re1 Nxe4 16. Qxe4 Qxe4 17. Rxe4 f6 18. Nh4 Ne5 19. h3 Bc5 20. Nf5 Bc6 21. Rh4 g5 22. Rh6 Ng6 23. Re1 Bf8 24. Rh5 Be8 25. g3 Ne5 26. Rxe5 fxe5 27. Rxg5 h6 28. Rg8 Rxg8 29. Bxg8 Bd7 30. Bh7 Be6 31. g4 c5 32. b3 b5 33. Nxh6 Bxh6 34. Bxh6 Rh8 0-1

[Event "Moscow GM4"]
[Site "Moscow"]
[Date "1996.??.??"]
[Round "?"]
[White "Kazantsev, Valentin"]
[Black "Zaitsev, Igor A"]
[Result "0-1"]
[WhiteElo "2275"]
[BlackElo "2460"]
[PlyCount "90"]
[EventDate "1996.??.??"]
[EventType "tourn"]
[EventRounds "13"]
[EventCountry "RUS"]
[EventCategory "7"]
[SourceTitle "EXT 2000"]
[Source "ChessBase"]
[SourceDate "1999.11.16"]
[SourceVersion "1"]
[SourceVersionDate "1999.11.16"]
[SourceQuality "1"]

1. e4 e5 2. Nf3 Nc6 3. Bb5 a6 4. Ba4 Nf6 5. d3 d6 6. c3 g6 7. Nbd2 Bg7 8. Nf1 0-0 9. Ng3 b5 10. Bb3 a5 11. a4 b4 12. 0-0 Rb8 13. Bg5 h6 14. Be3 Ba6 15. Re1 Kh7 16. h3 Qd7 17. d4 bxc3 18. bxc3 exd4 19. cxd4 Nb4 20. e5 Nfd5 21. Bd2 Bb7 22. Ne4 Rbe8 23. Bc4 Bc6 24. Bxb4 axb4 25. Qb3 Nb6 26. Bb5 Bxb5 27. axb5 dxe5 28. Qxb4 exd4 29. Rad1 Qd5 30. Qb1 Re6 31. Ng3 Rxe1+ 32. Nxe1 Re8 33. Nd3 Na4 34. Qb4 Nc3 35. Rc1 h5 36. Rc2 h4 37. Nf1 Qf5 38. Qc4 Nxb5 39. Rd2 Re7 40. g4 hxg3 41. Nxg3 Qg5 42. Rb2 Nd6 43. Qc6 Ne4 44. Qc1 Qxc1+ 45. Nxc1 Nxg3 0-1

[Event "Moscow-C"]
[Site "Moscow"]
[Date "1996.??.??"]
[Round "?"]
[White "Panush, Viktor"]
[Black "Kazantsev, Valentin"]
[Result "0-1"]
[WhiteElo "2165"]
[BlackElo "2275"]
[PlyCount "64"]
[EventDate "1996.??.??"]
[EventType "tourn"]
[EventRounds "9"]
[EventCountry "RUS"]
[EventCategory "4"]
[SourceTitle "EXT 1998"]
[Source "ChessBase"]
[SourceDate "1997.11.17"]
[SourceVersion "1"]
[SourceVersionDate "1997.11.17"]
[SourceQuality "1"]

1. e4 e5 2. Nf3 Nc6 3. Bb5 Nf6 4. 0-0 Bc5 5. c3 0-0 6. d4 Bb6 7. Bg5 h6 8. Bh4 d6 9. Nbd2 exd4 10. Bxc6 dxc3 11. Bxb7 Bxb7 12. bxc3 Qe7 13. Re1 g5 14. Bg3 Nh5 15. Nd4 Nxg3 16. hxg3 Qf6 17. Rb1 Rae8 18. a4 Ba8 19. Qh5 Bxd4 20. cxd4 Qxd4 21. Qxh6 Qxd2 22. Rbd1 Qc3 23. Qxg5+ Qg7 24. Qa5 Rxe4 25. Qxa7 Rc4 26. a5 Be4 27. Ra1 Qe5 28. a6 Qc5 29. Qxc5 Rxc5 30. a7 Kg7 31. f3 Bc6 32. Reb1 Ra8 0-1